000
00213 a2200109 4500
020
_a
9789968129183
041
_a
spa
100
_a
Santillana
245
_a
Ciencias Sociales 5to grado
942
_c
BK
952
_7
4
999
_c
21458
_d
21458